000 01131nam a22001937a 4500
003 OSt
005 20251215153427.0
008 251215b |||||||| |||| 00| 0 eng d
040 _cDCL
082 _a၂၉၄.၃၈၂၄
100 0 _aပညာနန္ဒ၊
_cအရှင်။
245 1 0 _aသင်နည်းသစ်အဘိဓမ္မာ၊
_nဝီထိ-ဝီထိမုတ်-ရုပ် (ဒုတိယဆင့်) /
_cစုစည်းစီစဉ်ပူဇော်သူ အရှင်ပညာနန္ဒ။
264 _a[နေရာမပါ] ၊
_b[ထုတ်ဝေသူမပါ]၊
_c၂၀၁၇။
300 _a၁၆၂ စာမျက်နှာ ၊
_c၂၁ စင်တီ။
500 _aဘဒ္ဒန္တခေမာစာရ အဂ္ဂမဟာပဏ္ဍိတ ၏ သက်တော်(၆၆) နှစ်ပြည့် အမှတ်တရ။ DVD-Rom (1) ချပ်ပါဝင်သည်။
650 _aအဘိဓမ္မာ။
650 _aအဘိဓမ္မာ
_xအမေး-အဖြေ။
942 _2ddc
_cSHORT TERM
_n0
999 _c2718
_d2718